000 00708nam a2200169 a 4500
008 120416s0000 ||||||||||||||||| || u
020 _a0831110023
050 _aT 385 Mor
100 _aMortenson, Michael E
245 1 0 _aComputer graphics handbook
246 _ageometry and mathematics
260 _aNew York
_bIndustrial Press
_c1980
300 _axii, 259p. : ill.
350 _a0.00
995 _aMAIN LIBRARY OPEN ACCESS
_D0.00
_e721513
_FCBU-MAIN LIBRARY (Kitwe)
_H2
_I28.95
_jT 385 Mor
_M1
_UAVAILABLE
_y013748
_ZMain Library Open Access Collection
995 _aMAIN LIBRARY OPEN ACCESS
_D0.00
_e721514
_FCBU-MAIN LIBRARY (Kitwe)
_H1
_I28.95
_jT 385 Mor
_M2
_UAVAILABLE
_y013749
_ZMain Library Open Access Collection
999 _c79656
_d79656